00409nam a2200169Ia 4500008004100000020001400041245002800055245004100083245001500124260001500139260001600154260000900170300001600179300002500195300001000220500000900230170705s9999 xx 000 0 und d a590484109 aWe shall not be moved : bthe women's factory strike of 1909 / cJoan Dash. aNew York : bScholastic, c1996 a165 pages : bcolor illustration ; c19cm. a1170